Understanding crisis therapies : an integrative approach to crisis intervention and post traumatic stress

Crisis intervention is a brief therapy and immediate response which aims to support the person through the crisis period. This book covers the different influences on crisis therapies and traces the development of crisis theory across its different phases

Bibliographic Details
Main Author: Loughran, Hilda (Author)
Format: Book
Language:English
Published: London : Jessica Kingsley Publishers , c2011
Subjects:

MARC

LEADER 00000cam a2200000 7i4500
001 0000079513
005 20130509093000.0
008 110111s2011 enk eng
020 |a 1849050325 (paperback : alk. paper) 
020 |a 9781849050326 (paperback : alk. paper) 
050 0 0 |a RC480.6   |b .L68 2011 
060 1 0 |a WM 401   |b L886u 2011 
090 0 0 |a RC480.6   |b .L68 2011 
100 1 |a Loughran, Hilda ,   |e author 
245 1 0 |a Understanding crisis therapies :   |b an integrative approach to crisis intervention and post traumatic stress   |c Hilda Loughran 
260 |a London :   |b Jessica Kingsley Publishers ,   |c c2011 
300 |a 224 p. :   |b ill. ;   |c 23 cm. 
504 |a Includes bibliographical references (p. 208-218) and index 
505 0 |a 1. Introduction to crisis theories and therapies -- 2. A psychoanalytic approach -- 3. A developmental approach -- 4. A behavioural approach -- 5. A cognitive approach -- 6. A systems approach -- 7. A radical approach -- 8. A social construction approach -- 9. Post-traumatic stress disorder (PTSD) -- 10. An integrated theoretical framework for practice in crisis work 
520 |a Crisis intervention is a brief therapy and immediate response which aims to support the person through the crisis period. This book covers the different influences on crisis therapies and traces the development of crisis theory across its different phases 
650 0 |a Crisis intervention (Mental health services) 
650 0 |a Life change events 
650 0 |a Post-traumatic stress disorder 
650 1 2 |a Crisis Intervention   |x methods 
650 2 2 |a Life change Events 
650 2 2 |a Stress Disorders, Post-Traumatic   |x therapy 
999 |a 1000149790   |b Book   |c OPEN SHELF (30 DAYS)   |e Gong Badak Campus